Thus Spoke Zarathustra/ (Record no. 190593)

MARC details
000 -LEADER
fixed length control field 00557nam a22001817a 4500
005 - DATE AND TIME OF LATEST TRANSACTION
control field 20220728170258.0
010 ## - LCCN (DPL NO)
LC control number ENG-134083
020 ## - INTERNATIONAL STANDARD BOOK NUMBER
International Standard Book Number 9789380005553
Terms of availability 195.00
035 ## - SYSTEM CONTROL NUMBER
System control number EN-117615
037 ## - SOURCE OF ACQUISITION
Source of stock number/acquisition DBAB/PUB
082 ## - DEWEY DECIMAL CLASSIFICATION NUMBER
Classification number 193
100 ## - MAIN ENTRY--PERSONAL NAME
Personal name Nietzsche, Friendrich Wilhelm
245 ## - TITLE STATEMENT
Title Thus Spoke Zarathustra/
Statement of responsibility, etc Friedrich Wilhelm Neitzsche
260 ## - PUBLICATION, DISTRIBUTION, ETC. (IMPRINT)
Place of publication, distribution, etc Noida
Name of publisher, distributor, etc Maple Press Private Limited
Date of publication, distribution, etc 2018
270 ## - ADDRESS
Address A-63, Sector 58
City Noida
Postal code 201301
Electronic mail address info@maplepress.co.in
300 ## - PHYSICAL DESCRIPTION
Extent xvi, 334p.
Dimensions 21cm(pbk)
942 ## - ADDED ENTRY ELEMENTS (KOHA)
Source of classification or shelving scheme Dewey Decimal Classification
Item type English Books
Classification part 193
Call number suffix NIE
Holdings
Withdrawn status Lost status Not for loan Collection code Home library Current library Date acquired Source of acquisition Cost, normal purchase price Full call number Barcode Copy number Cost, replacement price Koha item type
      Non-fiction Bawana Bawana 28/07/2022 DBAD/PUB 195.00 193 NIE EN-117615 1 195.00 English Books

© Delhi Public Library
Hit Counter
free hit counter